Japanese Cities by Wikipedia Description - Statistics

General Stats
  • This quiz has been taken 30 times
  • The average score is 9 of 10
Answer Stats
Wikipedia Description Japanese City % Correct
The first military target of a nuclear weapon in human history. Hiroshima
100%
One of the oldest municipalities in Japan, having been chosen in 794 as the new seat of Japan's imperial court by Emperor Kanmu. Kyoto
97%
Largest port city and high tech industrial hub in the Greater Tokyo Area and the Kantō region Yokohama
97%
Hosted the 1972 Winter Olympics, the first Winter Olympics ever held in Asia Sapporo
93%
Home to the headquarters of Brother Industries, Ibanez, Lexus, and Toyota Tsusho, among others. Nagoya
90%
While the 1995 Great Hanshin earthquake diminished much of its prominence as a port city, it remains Japan's fourth-busiest container port Kobe
83%
Located on the East China Sea coast of the southern part of Okinawa Island, the largest of Okinawa Prefecture. Naha
83%
The city is built along the shores of Hakata Bay. Fukuoka
79%
The god Takemikazuchi arrived here on a white deer to guard the newly built capital of Heijō-kyō. Since then, the deer have been regarded as heavenly animals, protecting the city and the country. Nara
79%
Headquarters of the Japan Sumo Association Tokyo
79%
No matching quizzes found
Score Distribution
Percent of People with Each Score
Percentile by Number Answered
Your Score History
You have not taken this quiz